000 00750nam a22001935i 4500
001 54460
003 ES-MaACL
005 20230906162947.0
007 t|
008 980112s1862 fr ||||1| fre d
040 _aNA
_bspa
_cNA
100 1 _aFoucher de Careil, Louis Alexandre.
_951927
245 1 0 _aHegel et Schopenhauer
_b: études sur la philosophie allemande moderne depuis Kant jusqu'a nos jours /
_cpar A. Foucher de Careil.
260 _aParis :
_bL. Hachette et Cie.,
_c1862 (
_fImprimerie de Ch. Lahure et Cie)
300 _aXXXIX, 386 p. ;
_c22 cm.
600 0 4 _aHegel, Georg Wilhelm Friedrich-
_xCrítica e interpretación.
_962317
600 0 4 _aSchopenhauer, Arthur-
_xCrítica e interpretación.
_9104659
852 _aES-MaACL
_jG-7955
999 _c54460
_d54460